| 000 | 00645pam a2200229 i 4500 | ||
|---|---|---|---|
| 999 |
_c3209 _d3209 |
||
| 001 | 358098 | ||
| 003 | GBCCL | ||
| 005 | 20241126110449.0 | ||
| 008 | 770330s1977 miu 000 0 eng | ||
| 010 | _a 77005618 | ||
| 020 |
_a0310356121 : _c$1.95 |
||
| 040 |
_aDLC _cDLC _dDLC |
||
| 050 | 0 | 0 |
_aBV4844 _b.G7 |
| 082 | 0 | 0 |
_a242.643 _bGRA |
| 100 | 1 |
_aGraff, Mab. _96633 |
|
| 245 | 1 | 0 |
_aGod loves my kitchen best / _cMab Graff. |
| 260 |
_aGrand Rapids : _bZondervan Pub. House, _cc1977. |
||
| 300 |
_a206 p. ; _c18 cm. |
||
| 650 | 0 |
_aWives _vPrayers and devotions. _96634 |
|
| 906 |
_a7 _bcbc _corignew _d1 _eocip _f19 _gy-gencatlg |
||
| 942 |
_2ddc _cBK _01 |
||